| 000 | 01083nam a2200229Ia 4500 | ||
|---|---|---|---|
| 003 | OSt | ||
| 005 | 20251215064758.0 | ||
| 008 | 160316s2002 xxu||||| |||| 00| 0 eng d | ||
| 020 | _a9780199253760 | ||
| 040 | _cnls | ||
| 082 | _a341.23 SIM-I | ||
| 100 | _aSimma Bruno | ||
| 245 | _aThe Charter of the United Nations : A Commentary Vol. I | ||
| 260 |
_aoxford : _bOxford University Press ; _c2002 |
||
| 300 |
_a895p _clv |
||
| 365 | _bRs. 34,776 Vol | ||
| 505 | _aVOLUME I; Preface; Introduction; Abbreviations; Text of the Charter; Text of the ICJ Statute; The History of the United Nations; The Interpretation of the Charter; Preamble; I. Purposes and Definitions; II. Membership; III. Organs; IV. The General Assembly; V. The Security Council; VI. Pacific Settlement of Disputes; VII. Action with Respect to Threats to the Peace, Breaches of the Peace, and Acts of Aggression; VIII. Regional Arrangements; INDEX. | ||
| 650 | _aInternational Institutions | ||
| 650 | _aUnited Nations - Commentary | ||
| 700 |
_a _a |
||
| 942 |
_2ddc _cBK |
||
| 999 |
_c26152 _d26152 |
||